• 首页
  • 本馆介绍
  • 公告通知
  • 最新文献
  • 馆藏检索
  • 电子资源
  • 读者导购
  • 参考咨询
  • 我的图书馆
  • 登录
  • 详细信息显示
  • 放入我的书架
  • 预约/预借图书
  • 作者相关作品
  • 分类相关作品
  • 丛书相关作品
  • 出版社相关作品

书目信息

  • 表格格式
  • 工作单格式
  • 卡片格式
题名:
妙不可言
    
 
作者: 刘伟 , 刘伟 编著
分册:  
出版信息: 乌鲁木齐   新疆人民出版社  2002
页数: 190页
开本: 20cm
丛书名: 城市流行系列丛书
单 册:
中图分类: H136.4
科图分类:
主题词: 汉语--社会习惯语
电子资源:
ISBN: 7-228-07700-8
000 01176nam0 2200349 450
000 01141nam0 2200337 450
000 01104nam0 2200325 450
000 01024nam0 2200313 450
000 00987nam0 2200301 450
000 00920oam2 2200277 450
001 0104000022
005 20061016144458.17
010    @a7-228-07700-8@dCNY15.00
100    @a20050927d2002 em y0chiy0110 ea
101 0  @achi
102    @aCN@b650000
105    @ay z 000yy
200 1  @a妙不可言@Amiao bu ke yan@e手机短信酷语大全@f刘伟编著@Fliu wei bian zhu
210    @a乌鲁木齐@c新疆人民出版社@d2002
215    @a190页@d20cm
225 2  @a城市流行系列丛书
330    @a本书分“我要我们在一起”、“让我玩你一万次”、“愿你过得比我快乐”等六部分,选编了各种形式的短信,供手机短信爱好者使用。
461  0 @12001 @a城市流行系列丛书
517 1  @a手机短信酷语大全@9shou ji duan xin ku yu da quan
606 0  @a汉语@x社会习惯语
690    @aH136.4@v4
701  0 @a刘伟@9liu wei@4编著
701  0 @a刘伟@Aliu wei@4编著
801  0 @aCN@b北京荣雅伟业图书经销中心@c20061016
905    @aBZT@dH136.4@e3
906    @dCNY15.00@n0@r1
    
    妙不可言:手机短信酷语大全/刘伟编著.-乌鲁木齐:新疆人民出版社,2002
    190页;20cm.-(城市流行系列丛书)
    
    
    ISBN 7-228-07700-8:CNY15.00
    本书分“我要我们在一起”、“让我玩你一万次”、“愿你过得比我快乐”等六部分,选编了各种形式的短信,供手机短信爱好者使用。
●
相关链接 在五车中查询图书 在当当中查询图书 在豆瓣中查询图书


正题名:妙不可言     索取号:H136.4/3         预约/预借

序号 登录号 条形码 馆藏地/架位号 状态 备注
1 502781   230072773   中心书库中库/ 中库040架A面2列1层31/ [索取号:H136.4/3] 在馆    
2 502782   230072774   中心书库中库/ 中库040架A面2列1层32/ [索取号:H136.4/3] 在馆    
3 502783   230072776   中心书库中库/ 中库040架A面2列1层28/ [索取号:H136.4/3] 在馆    
4 502784   230072775   中心书库中库/ 中库040架A面2列1层29/ [索取号:H136.4/3] 在馆    
5 502785   230072777   中心书库中库/ 中库040架A面2列1层30/ [索取号:H136.4/3] 在馆    
山东省滨州职业学院图书馆 欢迎您!
大连网信软件有限公司© 版权所有